| 000 | 00345nam a22001337a 4500 | ||
|---|---|---|---|
| 008 | 170615b xxu||||| |||| 00| 0 eng d | ||
| 020 | _a9780521541923 | ||
| 041 | _aeng | ||
| 080 | _a327 | ||
| 100 | _a19 | ||
| 101 | _aSHP | ||
| 245 |
_aTAMING THE SOVEREIGNS INSTITUIONAL CHANGE IN INTERNATIONAL POLITICS _cHOLSTI.K.J |
||
| 942 |
_2udc _cBK |
||
| 999 |
_c17610 _d17610 |
||